| 000 | 004490000a22002050004500 | ||
|---|---|---|---|
| 005 | 20120302060159.0 | ||
| 942 | _cBOOK | ||
| 100 | _a Mathura,Vasudeo Sharan | ||
| 245 | _a Uru Jyoti:Ved Sambandhi Nibandhonka Sangraha | ||
| 260 | _aAgra:Prabhakar,1937. | ||
| 300 | _a161p. | ||
| 040 | _aHIN | ||
| 365 | _b2.15/- | ||
| 650 | _aDharma | ||
| 650 | _aHindu-Dharma | ||
| 650 | _aVed | ||
| 650 | _aNibandha | ||
| 650 | _aYog | ||
| 650 | _aAgni | ||
| 999 |
_c350461 _d350458 |
||